000 00914nam a2200253Ia 4500
003 OSt
005 20220923214320.0
006 a|||||r|||| 00| 0
007 ta
008 220922b |||||||| |||| 00| 0 hin d
024 _a168,721
037 _cTextual
040 _aARTS
_cARTS
_bhin
041 _2hin
_ahin
082 _aO152,1I83:g, K8
100 _aजोशी, भ्रमरलाल
_9156272
245 0 _aसूरदास और नरसिंह महेता
_b तुलनात्मक अध्ययन
246 _aSūradās aur narasianha hinetā: tulanātmak adhyayana
260 _aबम्बई
_b वोरा एण्ड कम्पनी
_c1968
300 _a294 पृ.
_ccm.
650 _aहिन्दी साहित्य
_9156264
942 _hO152,1I83:g, K8
_cTEXL
_2CC
999 _c323188
_d323188